000 00852nam0a2200277 4500
001 RU\NLR\BIBL_A\010720593
005 20250614091548.0
010 _a978-5-9708-0211-3
_950
021 _aRU
_b2015-60522
_93589
035 _a(NLR Aleph) 010720593
090 _a9817424
_c9817424
100 _a20150406d2010 |||y0rusy50 ca
101 0 _arus
102 _aRU
105 _ay z 000gy
200 1 _aЯ себя раздарю
_eстихи
_fСергей Дубцов
210 _aОрел
_cКартуш
_d2010
215 _a481 с.
_d22
327 1 _aСодерд.: циклы: Гиперборея; Небесный пантеон
686 2 _aШ6(2=Р)8-5
700 1 _aДубцов
_bС.П.
_gСергей Павлович
942 _cBOOK
980 _aNB